00209nam a2200085Ia 4500008004100000041000800041100001600049245002500065260003300090231107s2008 xx 000 0 und d aeng aOwen Cheryl aOriental Papercrafts aU.K.bNew Holland pub.c2008